[Event "Tamil Nadu IM 16th"]
[Site "Chennai"]
[Date "2024.01.31"]
[Round "3"]
[White "Raghav, V."]
[Black "Sitnikov, Anton"]
[Result "0-1"]
[WhiteElo "2028"]
[BlackElo "2362"]
[PlyCount "86"]
[EventDate "2024.01.30"]
[EventType "tourn"]
[EventRounds "9"]
[EventCountry "IND"]
[SourceTitle "CB06_2024"]
[SourceDate "2024.02.07"]
[SourceVersion "1"]
[SourceVersionDate "2024.02.07"]
[SourceQuality "1"]

1. c4 c6 2. e4 d6 3. d4 e5 4. Nf3 Nd7 5. Nc3 g6 6. Be2 Bg7 7. d5 c5 8. Be3 Bh6 9. Qd2 Bxe3 10. Qxe3 h6 11. 0-0 Ne7 12. Ne1 g5 13. Nd3 f5 14. exf5 Nxf5 15. Qd2 Nf6 16. Rfe1 0-0 17. Bf3 Nd4 18. Be4 a6 19. h4 Nh5 20. hxg5 Qxg5 21. Qxg5+ hxg5 22. Bg6 Nf6 23. Rac1 Kg7 24. Be4 b5 25. b3 b4 26. Ne2 Nxe4 27. Nxd4 exd4 28. Rxe4 Bf5 29. f3 Bxe4 30. fxe4 Rfe8 31. Re1 a5 32. Kf2 a4 33. e5 axb3 34. axb3 Ra2+ 35. Re2 Rf8+ 36. Ke1 Ra1+ 37. Kd2 Rff1 38. Nb2 dxe5 39. Kd3 Kf6 40. Na4 Rad1+ 41. Rd2 e4+ 42. Kxe4 Rxd2 43. Nxc5 Rf4# 0-1

[Event "Novyy Urengoy Flaming Memorial"]
[Site "Novyy Urengoy"]
[Date "2023.09.02"]
[Round "8"]
[White "Iljin, Timofey"]
[Black "Sitnikov, Anton"]
[Result "1/2-1/2"]
[WhiteElo "2322"]
[BlackElo "2344"]
[PlyCount "22"]
[EventDate "2023.08.30"]
[EventType "tourn"]
[EventRounds "9"]
[EventCountry "RUS"]
[EventCategory "2"]
[SourceTitle "EXT 2024"]
[Source "ChessBase"]
[SourceDate "2023.10.10"]
[SourceVersion "1"]
[SourceVersionDate "2023.10.10"]
[SourceQuality "1"]

1. d4 d5 2. c4 c6 3. Nc3 Nf6 4. Nf3 a6 5. cxd5 cxd5 6. Bf4 Bf5 7. e3 e6 8. Bd3 Bxd3 9. Qxd3 Bd6 10. Bxd6 Qxd6 11. 0-0 0-0 1/2-1/2

[Event "Novyy Urengoy Flaming Memorial"]
[Site "Novyy Urengoy"]
[Date "2023.09.02"]
[Round "7"]
[White "Sitnikov, Anton"]
[Black "Sargissyan, Sargis"]
[Result "0-1"]
[WhiteElo "2344"]
[BlackElo "2238"]
[PlyCount "92"]
[EventDate "2023.08.30"]
[EventType "tourn"]
[EventRounds "9"]
[EventCountry "RUS"]
[EventCategory "2"]
[SourceTitle "EXT 2024"]
[Source "ChessBase"]
[SourceDate "2023.10.10"]
[SourceVersion "1"]
[SourceVersionDate "2023.10.10"]
[SourceQuality "1"]

1. e4 e5 2. Nc3 Nf6 3. Bc4 Nc6 4. d3 Na5 5. Qf3 Bb4 6. Nge2 Nxc4 7. dxc4 d6 8. h3 Be6 9. b3 Nd7 10. Bd2 Qf6 11. Nb5 Bxd2+ 12. Kxd2 Qd8 13. g4 0-0 14. Ke1 Nc5 15. Ng3 a6 16. Nc3 b5 17. cxb5 axb5 18. Nxb5 c6 19. Nc3 d5 20. Nce2 d4 21. Nc1 Qa5+ 22. Kf1 Qd2 23. Qe2 Qc3 24. Rb1 Bc8 25. Kg2 Ba6 26. Qd1 Rfd8 27. Nce2 Bxe2 28. Nxe2 Qb4 29. Nc1 Nxe4 30. Qe1 Nc3 31. Nd3 Qd6 32. Qxe5 Nxb1 33. Rxb1 Rxa2 34. Qxd6 Rxd6 35. Re1 Kf8 36. Re2 Ra7 37. Re5 f6 38. Rc5 Ke7 39. Kf3 Kd7 40. Rh5 h6 41. h4 Rd5 42. Rxd5+ cxd5 43. h5 Rc7 44. Nf4 Kd6 45. Ne2 Ke5 46. Ng3 Rc3+ 0-1

[Event "Novyy Urengoy Flaming Memorial"]
[Site "Novyy Urengoy"]
[Date "2023.09.01"]
[Round "5"]
[White "Sitnikov, Anton"]
[Black "Grachev, Alexey1111"]
[Result "0-1"]
[WhiteElo "2344"]
[BlackElo "2356"]
[PlyCount "98"]
[EventDate "2023.08.30"]
[EventType "tourn"]
[EventRounds "9"]
[EventCountry "RUS"]
[EventCategory "2"]
[SourceTitle "EXT 2024"]
[Source "ChessBase"]
[SourceDate "2023.10.10"]
[SourceVersion "1"]
[SourceVersionDate "2023.10.10"]
[SourceQuality "1"]

1. e4 c5 2. Nc3 e6 3. g3 d5 4. exd5 exd5 5. d4 cxd4 6. Qxd4 Nf6 7. Bg5 Nc6 8. Bb5 Be7 9. Bxf6 Bxf6 10. Qc5 Be7 11. Qxd5 0-0 12. Qxd8 Rxd8 13. Bd3 Ne5 14. 0-0-0 Nxd3+ 15. Rxd3 Rxd3 16. cxd3 Bf5 17. d4 Rc8 18. Nge2 b5 19. a3 b4 20. axb4 Bxb4 21. Kd2 Kf8 22. f3 h6 23. Rc1 g5 24. Ke3 Re8+ 25. Kf2 Bd3 26. Rd1 Bc4 27. g4 Rb8 28. Ng3 Bd6 29. Na4 Rb4 30. Nf5 Bf4 31. Ra1 Bd5 32. Ra3 Bc6 33. b3 Bd7 34. Nxh6 Rxd4 35. Nc5 Bb5 36. Rxa7 Rd2+ 37. Ke1 Re2+ 38. Kd1 Rd2+ 39. Ke1 Re2+ 40. Kd1 Rxh2 41. Nxf7 Rh1+ 42. Kc2 Rc1+ 43. Kb2 Rxc5 44. Nh6 Bd3 45. b4 Be5+ 46. Kb3 Rc1 47. Ra3 Rc3+ 48. Kb2 Rxa3+ 49. Kxa3 Kg7 0-1

[Event "Novyy Urengoy Flaming Memorial"]
[Site "Novyy Urengoy"]
[Date "2023.08.31"]
[Round "3"]
[White "Sitnikov, Anton"]
[Black "Zhurova, Anna"]
[Result "1-0"]
[WhiteElo "2344"]
[BlackElo "2167"]
[PlyCount "57"]
[EventDate "2023.08.30"]
[EventType "tourn"]
[EventRounds "9"]
[EventCountry "RUS"]
[EventCategory "2"]
[SourceTitle "EXT 2024"]
[Source "ChessBase"]
[SourceDate "2023.10.10"]
[SourceVersion "1"]
[SourceVersionDate "2023.10.10"]
[SourceQuality "1"]

1. e4 c5 2. Nc3 g6 3. f4 Nc6 4. Nf3 Bg7 5. a4 d6 6. Bb5 Bd7 7. 0-0 a6 8. Bxc6 Bxc6 9. d3 Nf6 10. a5 0-0 11. Qe1 Nd7 12. f5 e6 13. Qg3 exf5 14. exf5 d5 15. Bg5 Qb8 16. Bf4 Qd8 17. Bd6 Re8 18. Ng5 Nf6 19. Bxc5 d4 20. fxg6 fxg6 21. Nce4 Bxe4 22. dxe4 d3 23. cxd3 Nh5 24. Qe3 Bh6 25. h4 Rc8 26. d4 Bxg5 27. hxg5 Ng7 28. Rf6 Qd5 29. Rf8+ 1-0

[Event "RUS-chT2"]
[Site "Sochi"]
[Date "2023.05.09"]
[Round "8.2"]
[White "Sitnikov, Anton"]
[Black "Galaktionov, Artem"]
[Result "1-0"]
[WhiteElo "2327"]
[BlackElo "2341"]
[PlyCount "90"]
[EventDate "2023.05.01"]
[EventType "team-swiss"]
[EventRounds "9"]
[EventCountry "RUS"]
[SourceTitle "CBM 214 Extra"]
[Source "ChessBase"]
[SourceDate "2023.07.31"]
[SourceVersion "1"]
[SourceVersionDate "2023.07.31"]
[SourceQuality "1"]
[WhiteTeam "Krasnodarsk Region"]
[BlackTeam "Moscow Temus Tim"]
[WhiteTeamCountry "RUS"]
[BlackTeamCountry "RUS"]

1. e4 c6 2. c4 d5 3. cxd5 cxd5 4. exd5 Nf6 5. Qa4+ Nbd7 6. Nc3 g6 7. Bc4 Bg7 8. Nf3 0-0 9. d3 a6 10. Qa3 b6 11. 0-0 Bb7 12. Re1 Re8 13. Be3 b5 14. Bb3 Nb6 15. d6 exd6 16. Ng5 d5 17. Qa5 Nfd7 18. Nf3 Rc8 19. Bd4 Bxd4 20. Nxd4 Rxe1+ 21. Rxe1 Qf6 22. Nce2 Nc5 23. Qd2 b4 24. Bc2 a5 25. a3 Ba6 26. axb4 axb4 27. Rd1 Nbd7 28. Qxb4 Ne5 29. Qa3 Ng4 30. Rf1 Qe5 31. g3 Qh5 32. h4 g5 33. b4 gxh4 34. Nf4 Qh6 35. Nf5 Qg5 36. Nxh4 Nd7 37. Bd1 Bb7 38. Qa7 Bc6 39. Bf3 Ngf6 40. Re1 Rb8 41. Qd4 Ba8 42. Re3 Rb5 43. Kg2 Qg7 44. Nf5 Qf8 45. Ne7+ Kh8 1-0

[Event "RUS-chT2"]
[Site "Sochi"]
[Date "2023.05.07"]
[Round "6.1"]
[White "Garifullina, Leya"]
[Black "Sitnikov, Anton"]
[Result "1/2-1/2"]
[WhiteElo "2384"]
[BlackElo "2327"]
[PlyCount "107"]
[EventDate "2023.05.01"]
[EventType "team-swiss"]
[EventRounds "9"]
[EventCountry "RUS"]
[SourceTitle "CBM 214 Extra"]
[Source "ChessBase"]
[SourceDate "2023.07.31"]
[SourceVersion "1"]
[SourceVersionDate "2023.07.31"]
[SourceQuality "1"]
[WhiteTeam "Sverdlovsk Region Malakhit"]
[BlackTeam "Krasnodarsk Region"]
[WhiteTeamCountry "RUS"]
[BlackTeamCountry "RUS"]

1. e4 d6 2. d4 Nf6 3. Nc3 e5 4. Nf3 Qe7 5. Bg5 c6 6. Qd2 h6 7. Bh4 Nbd7 8. 0-0-0 b6 9. d5 c5 10. a4 a6 11. b3 g5 12. Bg3 h5 13. h4 g4 14. Ng5 Bh6 15. Kb2 Nh7 16. Qe1 Nxg5 17. hxg5 Bxg5 18. f3 gxf3 19. gxf3 Nf8 20. Bh3 Bxh3 21. Rxh3 Ng6 22. Qf1 Qd7 23. Rh1 Be3 24. Ne2 h4 25. Be1 c4 26. Bc3 Rc8 27. Qe1 Kd8 28. Ng3 cxb3 29. cxb3 hxg3 30. Rxh8+ Nxh8 31. Qxe3 Kc7 32. Be1 Kb7 33. Bxg3 Qc7 34. Qd2 Ng6 35. Bf2 Nf8 36. Rc1 Qxc1+ 37. Qxc1 Rxc1 38. Kxc1 Nd7 39. Kc2 Nf6 40. Kd3 Nh5 41. Be3 Kc7 42. Ke2 f5 43. Kd3 fxe4+ 44. fxe4 Nf6 45. b4 b5 46. axb5 axb5 47. Bf2 Kd7 48. Ba7 Ke7 49. Bb8 Kd7 50. Ke3 Ke7 51. Kf3 Kd7 52. Ke3 Ke7 53. Kf3 Kd7 54. Ke3 1/2-1/2